| Tag |
First Indicator |
Second Indicator |
Subfields |
| LEADER |
00000cam a2200000 4500 |
| 001 |
in00000059458 |
| 005 |
20151007082443.0 |
| 008 |
800426s1951 miua b 00010 eng |
| 010 |
|
|
|a 51007086
|
| 035 |
|
|
|a (OCoLC)06248567
|
| 035 |
|
|
|9 AAF7898AM
|
| 040 |
|
|
|a DLC
|c TXA
|d UtOrBLW
|
| 049 |
|
|
|a TXAM
|c [209524]
|
| 050 |
|
0 |
|a E185.61
|b .D4
|
| 082 |
0 |
|
|a 325.26
|
| 092 |
|
|
|a 325.26
|b D312j
|
| 100 |
1 |
|
|a Dees, Jesse Walter,
|d 1914-
|
| 245 |
1 |
0 |
|a Jim Crow /
|c by Jesse Walter Dees, Jr., and James S. Hadley.
|
| 264 |
|
1 |
|a Ann Arbor :
|b Ann Arbor Publishers,
|c [1951]
|
| 300 |
|
|
|a 529 pages :
|b illustrations ;
|c 22 cm.
|
| 336 |
|
|
|a text
|b txt
|2 rdacontent
|
| 337 |
|
|
|a unmediated
|b n
|2 rdamedia
|
| 338 |
|
|
|a volume
|b nc
|2 rdacarrier
|
| 504 |
|
|
|a Includes bibliography.
|
| 650 |
|
0 |
|a African Americans
|x Segregation.
|
| 650 |
|
0 |
|a African Americans
|z Southern States.
|
| 999 |
|
|
|a MARS
|
| 999 |
f |
f |
|s 563bc4b5-5eaa-34ee-8719-81fa5fc80e3e
|i d539d95b-18d3-310b-96dc-d7852b789ec1
|t 0
|
| 952 |
f |
f |
|p ric
|a Texas A&M University
|b Rellis Campus
|c Joint Library Facility
|d Remote Storage
|t 0
|e E185.61 .D4
|h Library of Congress classification
|i unmediated -- volume
|m A14800669461
|
| 998 |
f |
f |
|a E185.61 .D4
|t 0
|l Remote Storage
|